[Event "Reykjavik Open"]
[Site "Reykjavik ISL"]
[Date "2010.02.26"]
[Round "3"]
[White "Boskovic,D"]
[Black "Kveinys,A"]
[Result "1-0"]
[WhiteElo "2454"]
[BlackElo "2536"]

1.d4 Nf6 2.Bg5 e6 3.e3 h6 4.Bxf6 Qxf6 5.f4 d6 6.Nd2 g6 7.Ngf3 Bg7 8.Bc4 Nd7
9.Qe2 O-O 10.O-O a6 11.b4 Qe7 12.e4 Nb6 13.Bb3 a5 14.bxa5 Rxa5 15.e5 Bd7
16.c4 d5 17.c5 Bb5 18.Qe1 Na4 19.Rf2 Rfa8 20.Nf1 b6 21.cxb6 Nxb6 22.Rc1 Bc4
23.Ne3 Bxb3 24.axb3 c5 25.Rfc2 Nd7 26.g4 Bf8 27.b4 cxb4 28.f5 b3 29.Rb2 Rb5
30.Rcb1 Ra3 31.Qc3 Qb4 32.Qd3 Bg7 33.fxe6 fxe6 34.Qxg6 Rb6 35.Qd3 Qf8 36.Ng2 Qb8
37.h4 Rb4 38.Ne3 Qb6 39.g5 h5 40.Kg2 Nf8 41.Kh3 Qb7 42.Ng2 Qf7 43.Rxb3 Rbxb3
44.Rxb3 Ra2 45.Rb8 Qa7 46.Rc8 Qb7 47.Rc2 Rxc2 48.Qxc2 Qf7 49.Kg3 Ng6 50.Ng1 Nxe5
51.dxe5 Bxe5+ 52.Kh3 Kg7 53.Qd3 Bd6 54.Qf3 Qxf3+ 55.Nxf3 Kg6 56.Ne3 Bf4 57.Nc2 e5
58.Nb4 e4 59.Nxd5 Bc1 60.Ne5+ Kf5 61.Nf7 Kg6 62.Ne5+ Kf5 63.g6 Bh6 64.Nf7 Bg7
65.Ng5 Bb2 66.Ne7+ Kf6 67.Nd5+ Kxg6 68.Nf4+ Kh6 69.Nxe4 Be5 70.Nd5 Kg6 71.Kg2 Kh6
72.Kf3 Kg6 73.Nf4+ Kh6 74.Ke3 Bb2 75.Nd3 Ba3 76.Nec5 Kg6 77.Ke4 Kf6 78.Kf4 Kg6
79.Ke5  1-0

[Event "Reykjavik Open"]
[Site "Reykjavik ISL"]
[Date "2010.02.27"]
[Round "4"]
[White "Flaata,A"]
[Black "Kjartansson,G"]
[Result "0-1"]
[WhiteElo "2069"]
[BlackElo "2391"]

1.d4 Nf6 2.Bg5 e6 3.Nf3 h6 4.Bh4 c5 5.e3 b6 6.Nbd2 Bb7 7.Bd3 Be7 8.c3 Nc6
9.Qe2 cxd4 10.exd4 Nh5 11.Bxe7 Qxe7 12.g3 Nf6 13.O-O-O O-O-O 14.Kb1 Kb8 15.Ba6 Ba8
16.Rhe1 Nd5 17.Rc1 Nc7 18.Bd3 d5 19.Ne5 Nxe5 20.Qxe5 f6 21.Qe3 Qd7 22.f4 Bc6
23.Bg6 Kb7 24.Nf3 Qd6 25.Nh4 Be8 26.Qf3 Kb8 27.Qh5 Bb5 28.Re3 Rhf8 29.Rce1 f5
30.Nf3 Rf6 31.Ne5 Rc8 32.Qd1 Be8 33.Bxe8 Nxe8 34.Qa4 Kb7 35.Nd7 Rg6 36.Ne5 Rf6
37.Nd7 Rg6 38.Ne5 Rf6 39.Qd7+ Qc7 40.Qxc7+ Rxc7 41.Nd3 Re7 42.Re5 Nc7 43.h4 g6
44.a4 Rg7 45.b4 Kc6 46.Kc2 Kd6 47.a5 Rf8 48.axb6 axb6 49.Kb3 Ra8 50.R5e3 Ke7
51.Ne5 g5 52.h5 Kf6 53.Ng6 Rgg8 54.Ne5 Rg7 55.Ng6 Ra6 56.R1e2 Rg8 57.Ra2 Rxa2
58.Kxa2 Nb5 59.Ne5 gxf4 60.gxf4 Rg2+ 61.Kb3 Ke7 62.Ka4 Nd6 63.Ng6+ Kd7 64.Nf8+ Kc8
65.Rxe6 b5+ 66.Ka5 Kc7 67.Rxd6 Kxd6 68.Kxb5 Rh2 69.Nh7 Rxh5 70.Nf6 Rh3 71.c4 dxc4
72.Kxc4 h5 73.b5 h4 74.b6 Kc6 75.Nd5 Rf3 76.Ne7+ Kxb6 77.Nxf5 h3 78.Nh4 Rxf4  0-1

[Event "48th XtraCon TCh-DEN 2009-10"]
[Site "Denmark DEN"]
[Date "2010.03.02"]
[Round "7"]
[White "Christensen,Thom"]
[Black "Nohr,F"]
[Result "1-0"]
[WhiteElo "2252"]
[BlackElo "2079"]

1.d4 Nf6 2.Bg5 e6 3.e3 c5 4.c3 b6 5.Nf3 Bb7 6.Nbd2 Be7 7.Bd3 d6 8.Bxf6 Bxf6
9.Qe2 Nd7 10.O-O-O Qc7 11.Kb1 Be7 12.h4 h6 13.g4 O-O-O 14.Rhg1 g5 15.hxg5 hxg5
16.Ne4 f6 17.Ng3 Rh3 18.Bc4 d5 19.Bd3 Rdh8 20.Nh5 Kb8 21.Qf1 Rxf3 22.Be2 Rxh5
23.gxh5 Rf5 24.Bg4 Nf8 25.Bxf5 exf5 26.h6 cxd4 27.cxd4 f4 28.Rc1 Qd7 29.Qd3 Bd6
30.exf4 Bxf4 31.Rce1 Bd6 32.Rh1 Nh7 33.Qg6 Bc8 34.Re8 Kb7 35.Qg7 Ka6 36.Rxc8  1-0

[Event "Reykjavik Open"]
[Site "Reykjavik ISL"]
[Date "2010.03.03"]
[Round "9"]
[White "Boskovic,D"]
[Black "Ptacnikova,L"]
[Result "1-0"]
[WhiteElo "2454"]
[BlackElo "2315"]

1.d4 Nf6 2.Bg5 e6 3.e3 c5 4.c3 cxd4 5.exd4 Be7 6.Nf3 b6 7.Bd3 Bb7 8.O-O O-O
9.Bxf6 Bxf6 10.Nbd2 d6 11.Qe2 Nd7 12.a4 a6 13.Rfe1 Be7 14.h3 Nf6 15.Ne4 Nxe4
16.Bxe4 Bxe4 17.Qxe4 d5 18.Qg4 Bf6 19.h4 b5 20.Re3 Qd6 21.Ne5 b4 22.Rae1 bxc3
23.bxc3 Rab8 24.Rf3 Bxe5 25.Rxe5 Rb1+ 26.Kh2 Kh8 27.Rg3 Rg8 28.Rh5 g6 29.Re5 Rb6
30.h5 f6 31.a5 Rc6 32.Qf4 Qe7 33.h6 Rf8 34.Rf3 Kg8 35.Re2 g5 36.Qg4 Qf7 37.Rfe3 Qg6
38.f4 Qxh6+ 39.Rh3 Qg7 40.Rxe6 Qc7 41.Rxc6 Qxc6 42.fxg5 Qc7+ 43.Qg3 Qxg3+
44.Rxg3 f5 45.Re3 f4 46.Rf3 Kg7 47.Kh3 Kg6 48.Kg4 Rf5 49.Rxf4 Rxg5+ 50.Kf3 Rh5
51.Rf8 Kg7 52.Ra8 Rh6 53.Ra7+ Kg8 54.Rc7 Rf6+ 55.Kg4 Rg6+ 56.Kf4 Rxg2 57.Rc5 h5
58.Rxd5 h4 59.Rh5 Ra2 60.Rxh4 Rxa5 61.Ke4 Kf7 62.c4 Rg5 63.Rh7+ Ke8 64.c5 Kd8
65.d5 a5 66.c6  1-0

[Event "26th ChessOrg Schachfestival"]
[Site "Bad Woerishofen GER"]
[Date "2010.03.09"]
[Round "4"]
[White "Gradl,W"]
[Black "Ebenschwanger,F"]
[Result "1-0"]
[WhiteElo "2035"]
[BlackElo "1927"]

1.d4 Nf6 2.Bg5 e6 3.e3 d5 4.Bd3 Be7 5.Nd2 O-O 6.f4 Nbd7 7.Ngf3 c5 8.c3 b6
9.Ne5 Bb7 10.Qf3 Nxe5 11.fxe5 Nd7 12.Qh3 g6 13.Bh6 Re8 14.O-O Bf8 15.Nf3 Rc8
16.Ng5 Re7 17.Nxh7 f5 18.Nxf8 Nxf8 19.Bg5 Rh7 20.Qxh7+ Kxh7 21.Bxd8 Rxd8
22.a4  1-0

[Event "81st ch-GER"]
[Site "Bad Liebenzell GER"]
[Date "2010.03.10"]
[Round "6"]
[White "Dauenheimer,T"]
[Black "Heinig,Wo"]
[Result "0-1"]
[WhiteElo "2233"]
[BlackElo "2345"]

1.d4 Nf6 2.Bg5 e6 3.e4 h6 4.Bxf6 Qxf6 5.Qd2 d6 6.Nc3 g5 7.Bc4 Bg7 8.Nge2 a6
9.a4 Nc6 10.Rd1 Bd7 11.O-O O-O-O 12.b4 Nxb4 13.Rb1 c5 14.d5 Qe5 15.Rb3 f5
16.Rfb1 fxe4 17.Na2 exd5 18.Nxb4 dxc4 19.Nxa6 cxb3 20.Qa5 bxa6 21.Qxa6+ Kc7
22.Qa5+ Kc6 23.Qb5+ Kd5 24.Qxb3+ c4 25.Rd1+ Ke6  0-1

[Event "26th ChessOrg Schachfestival"]
[Site "Bad Woerishofen GER"]
[Date "2010.03.10"]
[Round "5"]
[White "Pluemer,D"]
[Black "Lucas,O"]
[Result "1-0"]
[WhiteElo "2183"]
[BlackElo "2024"]

1.d4 Nf6 2.Bg5 e6 3.Nd2 h6 4.Bh4 c5 5.e3 cxd4 6.exd4 d5 7.c3 Be7 8.Bd3 Nc6
9.Ngf3 O-O 10.O-O Nd7 11.Bxe7 Qxe7 12.Re1 Qd6 13.Qe2 Re8 14.Ne5 Nf8 15.Qh5 Nxe5
16.dxe5 Qe7 17.Re3 Qg5 18.Qe2 Ng6 19.Nf3 Qe7 20.Qd2 Nf4 21.Bf1 Bd7 22.Qd4 g5
23.h4 Kg7 24.hxg5 hxg5 25.Nxg5 Qxg5 26.Rg3 Qxg3 27.fxg3 Ng6 28.Bd3  1-0

[Event "11th EICC Women"]
[Site "Rijeka CRO"]
[Date "2010.03.15"]
[Round "9"]
[White "Hoang Thanh Trang"]
[Black "Muzychuk,A"]
[Result "0-1"]
[WhiteElo "2487"]
[BlackElo "2533"]

1.d4 Nf6 2.Bg5 e6 3.e4 h6 4.Bxf6 Qxf6 5.Nc3 Bb4 6.a3 Bxc3+ 7.bxc3 d6 8.Bd3 O-O
9.Ne2 c5 10.O-O Nc6 11.d5 Ne5 12.Ng3 Qh4 13.Be2 exd5 14.exd5 Re8 15.Qd2 Bd7
16.f4 Ng4 17.Bxg4 Qxg4 18.Rfe1 Qg6 19.Rab1 b6 20.Qd3 Qxd3 21.cxd3 Ba4 22.Re4 Bc2
23.Rbe1 Kf8 24.R1e3 Rxe4 25.Nxe4 c4 26.Nxd6 cxd3 27.Nc4 Rd8 28.Kf2 Rxd5 29.Re5 Rxe5
30.fxe5 Ke7 31.Ke3 Ke6 32.Nd6 Kxe5 33.Nxf7+ Ke6 34.Nd8+ Kd5 35.Kd2 Ba4 36.Kxd3 Kd6
37.Kd4 Ke7  0-1

[Event "26th Budapest Spring Festival"]
[Site "Budapest HUN"]
[Date "2010.03.20"]
[Round "2"]
[White "Fomani,M"]
[Black "Tesik,C"]
[Result "0-1"]
[WhiteElo "2029"]
[BlackElo "2159"]

1.d4 Nf6 2.Bg5 e6 3.e4 c5 4.Bxf6 Qxf6 5.e5 Qd8 6.c3 Nc6 7.Nf3 Qb6 8.Qd2 cxd4
9.cxd4 d6 10.Be2 dxe5 11.dxe5 Bc5 12.O-O O-O 13.Nc3 Rd8 14.Qc2 Nd4 15.Nxd4 Bxd4
16.Rad1 Bd7 17.Bd3 h6 18.Rfe1 Rac8 19.Be4 Bc6 20.Bxc6 Rxc6 21.Re2 Bxc3 22.Rxd8+ Qxd8
23.bxc3 b5 24.f4 b4 25.Qe4 Qb6+ 26.Kf1 bxc3 27.g4 Qb5 28.Ke1 Qc5 29.Kd1 Rc8
30.f5 Rd8+ 31.Kc2 Qa3  0-1

[Event "26th Budapest Spring Festival"]
[Site "Budapest HUN"]
[Date "2010.03.23"]
[Round "4"]
[White "Tran,T"]
[Black "Tesik,C"]
[Result "1/2-1/2"]
[WhiteElo "2203"]
[BlackElo "2159"]

1.d4 Nf6 2.Bg5 e6 3.e4 c5 4.Nc3 cxd4 5.Qxd4 Nc6 6.Qd2 Bb4 7.Bd3 a6 8.Nf3 Qc7
9.O-O b6 10.a3 Bd6 11.Rad1 h6 12.Bh4 g5 13.Bg3 Bxg3 14.fxg3 Ng4 15.h3 Nge5
16.Qf2 Bb7 17.Nxe5 Nxe5 18.Qf6 Rg8 19.Be2 Rg6 20.Qh8+ Ke7 21.Qh7 Rag8 22.Bh5 R8g7
23.Qh8 Rg8 24.Qh7 R8g7  1/2-1/2

[Event "II Genset Cup"]
[Site "Szombathely HUN"]
[Date "2010.04.01"]
[Round "7"]
[White "Stavrianakis,I"]
[Black "Rachela,M"]
[Result "0-1"]
[WhiteElo "2243"]
[BlackElo "2363"]

1.d4 Nf6 2.Bg5 e6 3.Nf3 c5 4.e3 cxd4 5.exd4 b6 6.Nbd2 Bb7 7.Bd3 Be7 8.O-O Nc6
9.c3 Nd5 10.Bxe7 Ncxe7 11.Re1 O-O 12.Ng5 h6 13.Nge4 Nf4 14.Bf1 f5 15.Ng3 Neg6
16.Nf3 h5 17.Ne5 h4 18.Ne2 Nxg2 19.Bxg2 Qg5 20.Ng3 Bxg2 21.Kxg2 hxg3 22.fxg3 f4
23.Qg4 f3+ 24.Kh1 Qd2 25.Nxf3 Qd3 26.Ng5 Rf2 27.Qh5 Ne7 28.Re4 Rf1+ 29.Kg2 Rf5
30.Rh4 Qd2+ 31.Kh3 Qxg5 32.Qh8+ Kf7 33.Qxa8 Ng6 34.Qe4 Nxh4 35.gxh4 Qg6 36.Re1 Qf6
37.Kg2 Ke7 38.d5 Rf4 39.Qe3 Qxh4 40.dxe6 Qg5+  0-1

[Event "22nd Kreuz-Open"]
[Site "Lenk SUI"]
[Date "2010.04.02"]
[Round "3"]
[White "Curien,N"]
[Black "Buergy,I"]
[Result "1-0"]
[WhiteElo "2228"]
[BlackElo "2088"]

1.d4 Nf6 2.Bg5 e6 3.e4 Be7 4.e5 Nd5 5.Bd2 c5 6.c4 Nb6 7.dxc5 Bxc5 8.Qg4 g6
9.Nc3 Nc6 10.Nf3 d5 11.O-O-O Bd7 12.Bg5 Be7 13.Qf4 Rc8 14.Kb1 Na5 15.cxd5 exd5
16.h4 Nac4 17.Bd3 Be6 18.h5 gxh5 19.Rxh5 Qc7 20.Bxe7 Qxe7 21.Nb5 Qb4 22.Nd6+ Kd7
23.Qd4 Rc5 24.Rh4 Rg8 25.Nxc4 Nxc4 26.Bxc4 Rxg2 27.Bxd5  1-0

[Event "FSIM April"]
[Site "Budapest HUN"]
[Date "2010.04.04"]
[Round "2"]
[White "Tran Tuan Minh"]
[Black "Lyell,M"]
[Result "1-0"]
[WhiteElo "2203"]
[BlackElo "2179"]

1.d4 Nf6 2.Bg5 e6 3.e4 c5 4.d5 h6 5.Bxf6 Qxf6 6.Nc3 a6 7.Nf3 d6 8.dxe6 Bxe6
9.Rb1 Nd7 10.Nd5 Qd8 11.c4 Nf6 12.Bd3 Bxd5 13.exd5 Be7 14.O-O O-O 15.b4 Nd7
16.Bf5 cxb4 17.Bxd7 Qxd7 18.Rxb4 b5 19.Nd4 Bf6 20.Nc6 Rfe8 21.Qc2 bxc4 22.Qxc4 Qf5
23.h3 Qh5 24.Rfb1 Qe2 25.Qb3 a5 26.Ra4 Re4 27.Rxe4 Qxe4 28.a4 Bd4 29.Rf1 Bc5
30.Qb7 Re8 31.Qd7 Bb4 32.Rd1 Qe2 33.Rd4 Bd2 34.Rxd2 Qe1+ 35.Kh2 Re4 36.Rd3 Rf4
37.Ne7+ Kh7 38.Qe8 h5 39.Qg8+ Kh6 40.Qh8+  1-0

[Event "14th Neckar-Open"]
[Site "Deizisau GER"]
[Date "2010.04.04"]
[Round "7"]
[White "Manolache,M"]
[Black "Lammers,M"]
[Result "0-1"]
[WhiteElo "2528"]
[BlackElo "2351"]

1.d4 Nf6 2.Bg5 e6 3.e3 c5 4.Nd2 d5 5.Ngf3 Nbd7 6.c3 Bd6 7.Bd3 O-O 8.Qc2 Qc7
9.Bh4 Re8 10.Bg3 e5 11.dxe5 Nxe5 12.Nxe5 Bxe5 13.Bh4 g6 14.Nf3 c4 15.Be2 Bf5
16.Qd1 Ne4 17.Nxe5 Qxe5 18.O-O Nc5 19.Bg3 Qe6 20.Qd4 b6 21.Rad1 Bd3 22.Rfe1 Bxe2
23.Rxe2 Nd3 24.Rxd3 cxd3 25.Qxd3 d4 26.cxd4 Qxa2 27.Qd1 Rac8 28.h4 Qd5 29.f3 f5
30.Bf2 a5 31.Qb1 b5 32.e4 Qc4 33.Re1 fxe4 34.fxe4 a4 35.h5 Qc2 36.Qa2+ Rc4
37.hxg6 hxg6 38.e5 Qd2 39.Qa3 Rc1 40.Rxc1 Qxc1+ 41.Kh2 Qf4+ 42.Kg1 Rc8 43.Be3 Qe4
44.b4 Qb1+ 45.Kf2 Rc2+ 46.Kf3 Qf1+ 47.Ke4 Qxg2+ 48.Kd3 Qe2+ 49.Ke4 Qg4+ 50.Kd5 Qf3+
51.Kd6 Rc6+ 52.Ke7 Qf7+  0-1

[Event "Sydney Int Open"]
[Site "Parramatta AUS"]
[Date "2010.04.08"]
[Round "3"]
[White "Castor,D"]
[Black "Rachmadi,H"]
[Result "0-1"]
[WhiteElo "2131"]
[BlackElo "1823"]

1.d4 Nf6 2.Bg5 e6 3.e4 Be7 4.Nd2 d5 5.e5 Nfd7 6.Bxe7 Qxe7 7.f4 c5 8.Ngf3 Nc6
9.Bd3 c4 10.Be2 b5 11.c3 a5 12.a3 a4 13.Qc2 g6 14.Bf1 Na5 15.Qd1 Bb7 16.Qe2 Nb3
17.Nxb3 axb3 18.Qd2 Nb6 19.Be2 Kd7 20.Ng1 h5 21.Nh3 Qh4+ 22.Nf2 Na4 23.O-O Rag8
24.Nh3 Qe7 25.Ng5 Ra8 26.Rae1 Ra6 27.Rf3 Rha8 28.Rff1 Ke8 29.Nh7 Nxb2 30.Nf6+ Kd8
31.Qxb2 Rxa3 32.Qd2 Ra2 33.Qe3 b4 34.f5 gxf5 35.Bxh5 b2 36.Rb1 R8a3 37.Qf2 bxc3
38.Bd1 Bc6 39.Qg3 Kc7 40.Qg8 Ra1 41.Bc2 Kb7 42.Qg3 Ka7 43.Rfd1 Ba4 44.Bxa4 c2
45.Bxc2 Rxg3 46.hxg3 Ra2 47.g4 fxg4 48.Nxg4 Qg5 49.Nh2 Qe3+ 50.Kf1 Qc3 51.Bh7 Ra1
52.Nf3 Ra6 53.Kf2 Qb4 54.Ne1 c3 55.Bc2 Rc6 56.Ke3 Qf8 57.Nd3 Qh6+ 58.Nf4 Qg5
59.Rf1 f6 60.Rf3 fxe5 61.dxe5 Qxe5+ 62.Kf2 Qd4+ 63.Kg3 e5 64.Ng6 e4 65.Rf7+ Kb6
66.Nf4 Qd2 67.Ba4 Rd6 68.Bb3 Qc1 69.Rxc1 bxc1=Q 70.Bxd5 Qe3+ 71.Kg4 c2 72.Ba8 Qxf4+
73.Rxf4 c1=Q 74.Bxe4 Qe3 75.g3 Rd4 76.Bf3 Qe6+ 77.Kg5 Qg8+ 78.Kf5 Rd7 79.Rb4+ Kc5
80.Rg4 Qf8+ 81.Ke4 Re7+  0-1

[Event "Sydney Int Open"]
[Site "Parramatta AUS"]
[Date "2010.04.09"]
[Round "5"]
[White "Castor,D"]
[Black "Deen Cowell,N"]
[Result "1-0"]
[WhiteElo "2131"]
[BlackElo "1896"]

1.d4 Nf6 2.Bg5 e6 3.e4 h6 4.Bxf6 Qxf6 5.c3 d5 6.e5 Qd8 7.Nf3 c5 8.dxc5 Bxc5
9.Bd3 Nc6 10.O-O O-O 11.Qe2 a6 12.Nbd2 Qc7 13.Nb3 Ba7 14.Nbd4 Bb8 15.Nxc6 bxc6
16.c4 Qb6 17.Rac1 a5 18.c5 Qb4 19.a3 Qb7 20.Nd4 Qc7 21.f4 Bd7 22.Bb1 g6 23.Rc3 Bc8
24.Qc2 Kh8 25.Rh3 Kg7 26.Rff3 Rg8 27.Rh4 h5 28.g4 hxg4 29.Rxg4 Kf8 30.Rh3 Ba7
31.Rh7 Qe7 32.b4 axb4 33.axb4 Qb7 34.Qc3 Rb8 35.Bxg6 Rxg6 36.Rxg6 Qxb4 37.Rh8+ Ke7
38.Nxc6+  1-0

[Event "IV Open"]
[Site "La Laguna ESP"]
[Date "2010.04.11"]
[Round "9"]
[White "Kraus,O"]
[Black "Navarro Molina,D"]
[Result "1-0"]
[WhiteElo "2104"]
[BlackElo "1967"]

1.d4 Nf6 2.Bg5 e6 3.e4 h6 4.Bxf6 Qxf6 5.Nc3 Bb4 6.Qd2 c5 7.a3 Bxc3 8.bxc3 d6
9.Nf3 O-O 10.Be2 Rd8 11.O-O e5 12.Qe3 b6 13.Rad1 Nc6 14.dxe5 dxe5 15.Rxd8+ Nxd8
16.Bc4 Bg4 17.Bd5 Rc8 18.Nd2 g5 19.Qg3 Qf4 20.h3 Be6 21.Qd3 Qf6 22.Nc4 Bxd5
23.exd5 b5 24.Ne3 c4 25.Qe2 Qg6 26.Qf3 Kf8 27.Re1 f6 28.Nf5 Nf7 29.d6 Rd8
30.Rd1 h5 31.g4 hxg4 32.hxg4 Nh6 33.Ne7 Qf7 34.Qe4 Kg7 35.f3 Rd7 36.Kf2 Qe8
37.Kg3 Qf7 38.Rh1 Qe8 39.Nf5+ Nxf5+ 40.Qxf5 Rxd6 41.Rh7+ Kg8 42.Rc7 Kf8 43.Qh7 Rd7
44.Rxd7  1-0

[Event "9th Asian Continental"]
[Site "Olongapo City PHI"]
[Date "2010.04.29"]
[Round "9"]
[White "Bui Vinh"]
[Black "Zhou Weiqi"]
[Result "0-1"]
[WhiteElo "2480"]
[BlackElo "2584"]

1.d4 Nf6 2.Bg5 e6 3.Nd2 c5 4.e3 b6 5.Ngf3 Bb7 6.c3 Be7 7.Bd3 O-O 8.O-O d6
9.Qe2 h6 10.Bh4 Nbd7 11.Rfd1 Rc8 12.a4 cxd4 13.exd4 Nh5 14.Bg5 a5 15.Nc4 Ndf6
16.Nfd2 Qc7 17.Ne3 Rfe8 18.Bb5 Ng3 19.hxg3 Bc6 20.Nf3 Bxb5 21.Qxb5 d5 22.Ne5 Bd6
23.Nd3 Qc6 24.Qxc6 Rxc6 25.Nc2 h5 26.Na3 Ng4 27.Nb5 Bb8 28.Re1 f6 29.Nf4 h4
30.Nxd5 hxg3 31.fxg3 Bxg3 32.Re2 f5 33.Ne3 Nf6 34.Rd1 Kf7 35.b3 g6 36.Rd3 Rh8
37.Nf1 Bb8 38.c4 Rcc8 39.Rde3 Rce8 40.c5 bxc5 41.dxc5 Nd5 42.Rf3 Rc8 43.Rc2 e5
44.Ne3 Nb4 45.Rc4 Ke6 46.g4 f4 47.Nd1 Kd5 48.Ndc3+ Kc6 49.Ne4 Rcd8 50.Rcc3 Rd1+
51.Rf1 Rxf1+ 52.Kxf1 Nd5 53.Rd3 Ne3+ 54.Kg1 Nxg4 55.Na3 Ne3 56.Nc4 Nxc4 57.bxc4 Bc7
58.Kg2 Rb8 59.Rh3 Rb4 60.Rh6 Rxc4 61.Kf3 Kd5  0-1

[Event "ch-SRB"]
[Site "Kragujevac SRB"]
[Date "2010.04.30"]
[Round "12"]
[White "Drazic,S"]
[Black "Damljanovic,B"]
[Result "0-1"]
[WhiteElo "2545"]
[BlackElo "2550"]

1.d4 Nf6 2.Bg5 e6 3.e3 h6 4.Bh4 d6 5.c4 Nbd7 6.Nc3 Be7 7.Be2 a6 8.Qc2 c6
9.Nf3 b5 10.O-O Bb7 11.Rfd1 Qc7 12.Rac1 b4 13.Nb1 c5 14.Nbd2 O-O 15.h3 Rfe8
16.Qb1 Rad8 17.Bg3 Qb6 18.Bd3 a5 19.a4 Bf8 20.b3 Qa7 21.Re1 cxd4 22.exd4 e5
23.c5 e4 24.Nxe4 dxc5 25.Nxf6+ Nxf6 26.Rxe8 Rxe8 27.Ne5 Bd5 28.Bb5 Re6 29.f3 cxd4
30.Nd3 g5 31.Rc8 Kg7 32.Qc2 Bd6 33.Bf2 Qb7 34.Nc1 Bf4 35.Rc5 Bxf3 36.gxf3 Qxf3
37.Nd3 Re2 38.Bc6 Ne4 39.Bxe4 Qxe4 40.Qxe2 Qxe2 41.Nxf4 gxf4 42.Bxd4+ Kh7
43.Bf2 Qf3 44.h4 Qh3  0-1

[Event "FSIMA May"]
[Site "Budapest HUN"]
[Date "2010.05.04"]
[Round "4"]
[White "Tran,T"]
[Black "Bakin,A"]
[Result "0-1"]
[WhiteElo "2210"]
[BlackElo "2236"]

1.d4 Nf6 2.Bg5 e6 3.e4 h6 4.Bxf6 Qxf6 5.Nc3 Bb4 6.Qd3 d5 7.a3 Bxc3+ 8.bxc3 O-O
9.e5 Qd8 10.f4 c5 11.Nf3 Qa5 12.Kf2 b6 13.Qe3 Nc6 14.g4 Ne7 15.Bh3 Bd7 16.dxc5 Rac8
17.Nd4 Qxc5 18.Ne2 Qxe3+ 19.Kxe3 Bb5 20.Bf1 Rc5 21.a4 Bxe2 22.Bxe2 Rxc3+
23.Kd2 Rc5 24.Bd3 Nc6 25.Rab1 Rc8 26.Rhg1 Kf8 27.Rb2 g5 28.Ke3 Ke7 29.h4 d4+
30.Ke4 gxf4 31.g5 Nxe5 32.Kxf4 hxg5+ 33.hxg5 Nxd3+ 34.cxd3 Rg8 35.Rb5 Kd6
36.Ke4 Rg6 37.Kxd4 f6 38.Rxc5 bxc5+ 39.Kc4 Rxg5 40.Ra1 Rg7 41.a5 Rb7 42.a6 Rb4+  0-1

[Event "ch-CZE"]
[Site "Ostrava CZE"]
[Date "2010.05.04"]
[Round "4"]
[White "Umanec,F"]
[Black "Hladik,L"]
[Result "1-0"]
[WhiteElo "2226"]
[BlackElo "2065"]

1.d4 Nf6 2.Bg5 e6 3.e4 h6 4.Bxf6 Qxf6 5.Nc3 Bb4 6.e5 Qe7 7.a3 Bxc3+ 8.bxc3 d6
9.f4 dxe5 10.Qg4 f5 11.Qg6+ Qf7 12.Qxf7+ Kxf7 13.fxe5 b6 14.h4 g6 15.Ne2 Ba6
16.g4 Bxe2 17.Kxe2 Nd7 18.Rg1 c5 19.Kd2 Rhd8 20.Ke3 Rac8 21.gxf5 cxd4+ 22.cxd4 gxf5
23.c4 Rg8 24.Be2 Ke7 25.Kf4 Nb8 26.Rad1 Na6 27.Rb1 Nc7 28.Bf3 b5 29.Rxg8 Rxg8
30.d5 Kd7 31.d6  1-0

[Event "ch-CAN Junior"]
[Site "Toronto CAN"]
[Date "2010.05.04"]
[Round "8"]
[White "Cheng,Bi"]
[Black "Sapozhnikov,R"]
[Result "1-0"]
[WhiteElo "2369"]
[BlackElo "2207"]

1.d4 Nf6 2.Bg5 e6 3.Nd2 c5 4.e3 cxd4 5.exd4 Be7 6.Ngf3 b6 7.a4 a6 8.Bd3 Bb7
9.O-O O-O 10.a5 b5 11.c4 bxc4 12.Nxc4 d6 13.Nb6 Ra7 14.b4 Nd5 15.Bxe7 Qxe7
16.Qd2 Nd7 17.Ng5 h6 18.Nxd5 Bxd5 19.Ne4 Nf6 20.Nc3 Qb7 21.Nxd5 Nxd5 22.Rfb1 Nc7
23.Qf4 Rd8 24.Be4 Qb5 25.h4 Qb8 26.Ra3 d5 27.Bf3 Nb5 28.Qxb8 Rxb8 29.Rd3 Rc7
30.Rd2 Rc4 31.Be2 Rxd4 32.Rxd4 Nxd4 33.Bxa6 Nc6 34.b5 Nxa5 35.b6 Nc4 36.b7 Kf8
37.Rb5 Ne5 38.Rc5 Ke7 39.Rc8 Nd7 40.f4 f6 41.h5 e5 42.Kf2 d4 43.Kf3 Kd6 44.g3 e4+
45.Kf2 Kd5 46.Bb5 Kd6 47.Rc6+ Kd5 48.Rc8 Kd6 49.Bxd7 Rxb7 50.Bf5 Rb2+ 51.Kf1 Rb1+
52.Kf2 Rb2+ 53.Ke1 Rb1+ 54.Kd2 e3+ 55.Ke2 Rg1 56.Be4 Rxg3 57.Rc4 Rh3 58.Rxd4+ Kc5
59.Rd5+ Kc4 60.Ra5 Kb4 61.Rf5 Kc4 62.Bf3 Kd4 63.Rd5+ Kc4 64.Rd7 Rg3 65.Kxe3 g5
66.hxg6 Rxg6 67.f5 Rg5 68.Kf4  1-0

[Event "ch-UKR"]
[Site "Alushta UKR"]
[Date "2010.05.10"]
[Round "8"]
[White "Truskavetsky,A"]
[Black "Polyakov,M"]
[Result "1/2-1/2"]
[WhiteElo "2386"]
[BlackElo "2349"]

1.d4 Nf6 2.Bg5 e6 3.Nf3 h6 4.Bh4 c5 5.Bxf6 Qxf6 6.e3 Nc6 7.c3 d5 8.Bb5 Bd6
9.Nbd2 O-O 10.O-O cxd4 11.exd4 a6 12.Bxc6 bxc6 13.b4 a5 14.a3 Qe7 15.Re1 f6
16.c4 Bd7 17.c5 Bc7 18.Qb3 Rfb8 19.Qc3 Qf7 20.g3  1/2-1/2

[Event "BEL-VSF"]
[Site "Gent BEL"]
[Date "2010.05.15"]
[Round "6"]
[White "Hamblok,R"]
[Black "Larmuseau,Ma"]
[Result "1-0"]
[WhiteElo "2145"]
[BlackElo "2267"]

1.d4 Nf6 2.Bg5 e6 3.e3 Be7 4.Nd2 b6 5.c3 Bb7 6.Ngf3 c5 7.Bd3 Nc6 8.O-O O-O
9.a3 h6 10.Bh4 Nh5 11.Bxe7 Qxe7 12.b4 cxd4 13.cxd4 d6 14.Qa4 e5 15.Be4 Nd8
16.dxe5 dxe5 17.Qb5 Bxe4 18.Nxe4 f5 19.Nc3 Nf7 20.Rfd1 Rad8 21.h3 Rxd1+ 22.Rxd1 Nf6
23.Nd5 Qd6 24.Nxf6+ Qxf6 25.Rd7 Rd8 26.Rxa7 Rd1+ 27.Kh2 Rd8 28.Qc4 e4 29.Nd4 Rf8
30.Qe6 Qxe6 31.Nxe6 Rc8 32.Nd4 f4 33.exf4 Rd8 34.Nf5 Rd2 35.Kg3 Rd3+ 36.Ne3 Nd6
37.Kh2 Nb5 38.Ra6 Rxa3 39.Rxb6 Nd4 40.Rb7 Rb3 41.Nd5 Rb2 42.Re7 Re2 43.Nc3 Rxf2
44.Rxe4 Nf5 45.b5 Rb2 46.Re5 Nh4 47.Kg3 Nxg2 48.b6 Rxb6 49.Kxg2 Rb2+ 50.Kg3 Rb3
51.Re3 Rb6 52.Ne2 Rd6 53.Ng1 Rg6+ 54.Kf2 Rf6 55.Re4 Ra6 56.Nf3 Rb6 57.Ne5 Rb3
58.Re3 Rb7 59.Kf3 Rb4 60.Re4 Rb3+ 61.Kg4 Ra3 62.Rd4 Ra8 63.Rd7 Kh7 64.Nf3 Ra4
65.Nd4 Ra6 66.Nf5 Rg6+ 67.Kf3 Rg1 68.Rxg7+ Rxg7 69.Nxg7 Kxg7 70.Kg4  1-0

[Event "Municipality Cup"]
[Site "Tbilisi GEO"]
[Date "2010.05.23"]
[Round "9"]
[White "Bakhtadze,L"]
[Black "Khurtsidze,N"]
[Result "0-1"]
[WhiteElo "2054"]
[BlackElo "2448"]

1.d4 Nf6 2.Bg5 e6 3.Nf3 c5 4.e3 b6 5.d5 h6 6.Bxf6 Qxf6 7.Nc3 a6 8.a4 Bb7
9.Bc4 d6 10.Qd3 Nd7 11.O-O e5 12.Ne4 Qe7 13.Ng3 g6 14.e4 h5 15.h4 Bg7 16.Ra3 Bf6
17.Qd2 Bxh4 18.Nxh4 Qxh4 19.Re1 Qf4 20.Qd1 h4 21.Nf1 Qg5 22.Ree3 Bc8 23.Nh2 Nf6
24.Be2 Bd7 25.Rab3 Rb8 26.Bxa6 Bxa4 27.Ra3 Bd7 28.Be2 O-O 29.Nf3 Qf4 30.Qd2 Ra8
31.Bd3 b5 32.Re1 Qxd2 33.Nxd2 Rxa3 34.bxa3 Ra8 35.Ra1 c4 36.Be2 c3 37.Nf3 Nxe4
38.Nxh4 b4 39.Nf3 bxa3 40.Kf1 Nf6 41.Bc4 Bf5 42.Ne1 Be4  0-1

[Event "XXIX Open A"]
[Site "Zalakaros HUN"]
[Date "2010.06.01"]
[Round "7"]
[White "Istvanovszki,M"]
[Black "Horvath,Gy1"]
[Result "1/2-1/2"]
[WhiteElo "2258"]
[BlackElo "2367"]

1.d4 Nf6 2.Bg5 e6 3.e4 h6 4.Bxf6 Qxf6 5.c3 d6 6.Bd3 e5 7.Ne2 Nc6 8.O-O Bd7
9.Bc2 g5 10.d5 Ne7 11.c4 h5 12.Nbc3 h4 13.f3 Ng6 14.Ba4 Qd8 15.Bxd7+ Qxd7
16.Qa4 Be7 17.Qxd7+ Kxd7 18.Nd1  1/2-1/2

[Event "XXIX Open A"]
[Site "Zalakaros HUN"]
[Date "2010.06.02"]
[Round "8"]
[White "Hrbolka,L sr"]
[Black "Boronyak,A"]
[Result "1/2-1/2"]
[WhiteElo "2135"]
[BlackElo "2224"]

1.d4 Nf6 2.Bg5 e6 3.e3 Be7 4.Nf3 O-O 5.Bd3 d5 6.c3 Ne4 7.Bxe7 Qxe7 8.Nbd2 f5
9.Qe2 Nd7 10.O-O-O c5 11.g4 c4 12.Bxe4 fxe4 13.Ne1 b5 14.f3 b4 15.Nb1 Nf6
16.Rf1 Bd7 17.cxb4 Ba4 18.Nc2 Bxc2 19.Kxc2 Qxb4 20.Nc3 Rab8 21.Kb1 exf3 22.Rxf3 Ne4
23.Rxf8+ Kxf8 24.Rd2 Nf6 25.e4 Kg8 26.exd5 exd5 27.Qe6+ Kh8 28.Rf2 Qb6 29.Qxb6 axb6
30.Rf5 Rd8 31.Re5 Kg8 32.Re6 Rb8  1/2-1/2

[Event "XXIX Open A"]
[Site "Zalakaros HUN"]
[Date "2010.06.02"]
[Round "8"]
[White "Varadi,B"]
[Black "Lyell,M"]
[Result "0-1"]
[WhiteElo "1846"]
[BlackElo "2132"]

1.d4 Nf6 2.Bg5 e6 3.e3 c5 4.Nf3 cxd4 5.exd4 h6 6.Bxf6 Qxf6 7.Bd3 Nc6 8.c3 d5
9.O-O Bd6 10.b4 O-O 11.b5 Ne7 12.Nbd2 Bd7 13.Nb3 Rac8 14.Rc1 Rc7 15.c4 dxc4
16.Rxc4 Rxc4 17.Bxc4 Rc8 18.Ne5 Be8 19.Qe2 Bxe5 20.dxe5 Qf4 21.Bd3 Nd5 22.g3 Qb4
23.Qd2 Qxd2 24.Nxd2 Rc3 25.Bc4 Nb6 26.Ne4 Rxc4 27.Nd6 Rc5 28.Nxe8 Rxb5 29.Nd6 Rxe5
30.Nxb7 Re2 31.Ra1 Nd5 32.a4 Nc3 33.a5 Ra2 34.Rxa2 Nxa2 35.a6 Nb4 36.Nd6 Kf8
37.Nb5 Nc6 38.Kf1 e5 39.Ke1 Ke7 40.Kd2 Ke6 41.Kc3 Kd5 42.Nc7+ Kc5 43.Ne8 g6
44.Nf6 Kb5 45.Ng4 h5 46.Nh6 f5 47.Nf7 Kxa6 48.Nh8 g5 49.Nf7 Kb5 50.Nxg5 Kc5
51.Ne6+ Kd5 52.Ng7 Ke4 53.Nxh5 Kf3 54.Ng7 Ne7 55.h4 Kxf2 56.h5 e4 57.h6 e3
58.Nxf5 e2  0-1

[Event "TCh-CHN"]
[Site "Shenzhan CHN"]
[Date "2010.06.08"]
[Round "5"]
[White "Tan Zhongyi"]
[Black "Zhao Xue"]
[Result "1-0"]
[WhiteElo "2464"]
[BlackElo "2490"]

1.d4 Nf6 2.Bg5 e6 3.e4 h6 4.Bxf6 Qxf6 5.Nf3 d6 6.Nc3 a6 7.Qd2 b5 8.O-O-O Nd7
9.e5 Qd8 10.Qf4 g5 11.Qe3 d5 12.g4 c5 13.h4 gxh4 14.Rxh4 cxd4 15.Qxd4 Qb6
16.Qf4 Qxf2 17.Rh2 Qb6 18.g5 h5 19.Kb1 Bb7 20.g6 fxg6 21.Qg5 Rg8 22.Bd3 Nc5
23.Bxg6+ Kd7 24.Be8+ Rxe8 25.Qxg8 b4 26.Ne2 Be7 27.Qh7 a5 28.Nf4 Kc8 29.Qf7 Rf8
30.Qxe7 Rxf4 31.Rxh5 Kb8 32.Nd4 Ne4 33.Nxe6 Nc3+ 34.Ka1 Nxd1 35.Rh8+ Ka7
36.Nxf4 Nxb2 37.Kxb2 Qd4+ 38.Kc1 Qxf4+ 39.Kb1 Qd4 40.Rc8 Ka6 41.Qd6+ Kb5
42.Qd7+ Kb6 43.Qc7+ Ka6 44.Rb8 Qd1+ 45.Kb2 Qd4+ 46.Kb3 Qe3+ 47.c3  1-0